000 02245ncm0a2200409 4500
001 RU\NLR\ONIZ\218429
005 20250626062551.0
035 _aRU\NLR\ONIZ\natafirs\5000001938\20170519133313
035 _a(NLR Aleph) 011414924
090 _a11579109
_c11579109
100 _a20170519d2005 |||y0rusy50 ca
101 0 _aeng
_arus
102 _aRU
125 _azy
145 0 _ab
200 1 _aДве пьесы
_bНоты
_dTwo piecas
_eдля трубы и фп.
_zeng
_fА. Михайлов
_gред. В. Г. Соловьев
210 _aСанкт-Петербург
_cЗнак
_dcop. 2005
215 _a12 с., 1 парт.
_cил., фото
_d30 см
300 _aКрат. биогр. справка: с. 2.
300 _aПарал. рус., англ.
313 _aСистематизация документа проведена по изданию - Методика классифицирования музыкальных произведений (нотных изданий) по таблицам Библиотечно-библиографических классификаций : метод. рекомендации / Гос. б-ка СССР им. В.И. Ленина.- М., 1977. Индексу ББК методических рекомендаций присваивается код ББК для научных библиотек - LBC/SL
327 1 _a1. Романс ; 2. Вальс
500 0 0 _aПьесы (2)
_bНоты
_rтруба и фортепиано
606 1 _aМузыка для трубы и фортепиано
_yРоссия
_z20-21 в.
_jНоты
_2nlr_sh
686 _aЩ957.31-42-058(2Р=Рус)я44
_vLBC/SL
_2rubbk
700 1 _9z02790
_aМихайлов
_bА.
_f1948-
_gАлександр
_4230
_7ca
702 1 _9z03790
_aСоловьев
_bВ. Г.
_cкомпозитор
_f1937-
_gВладислав Георгиевич
_4340
790 1 _9z02700
_aMichaylov
_bA.
_f1948-
_gAleksandr
_4230
_7ba
790 1 _9z03702
_aSolov`jov
_bV. G.
_f1937-
_gVladislav Georgievič
_4340
801 0 _aRU
_bNLR
_c20170519
_gPSBO
801 1 _aRU
_bNLR
_c20170519
_2rusmarc
801 2 _aRU
_bNLR
_c20190914
852 _aNLR
_bМ
_j986/150
_p281603
_t1
942 _cSCORE
980 _aNB
980 _aONIZ